[Event "10th Open"]
[Site "Bad Zwesten GER"]
[Date "2006.01.08"]
[Round "9"]
[White "Schroeder,Wi"]
[Black "Grooten,H"]
[Result "0-1"]
[WhiteElo "2260"]
[BlackElo "2350"]

1.d4 Nf6 2.Nf3 e6 3.c4 b6 4.Nc3 Bb4 5.Qb3 c5 6.a3 Ba5 7.Bg5 h6 8.Bh4 g5 9.Bg3 g4
10.Nd2 cxd4 11.Nb5 Ne4 12.Nc7+ Kf8 13.O-O-O Bxd2+ 14.Rxd2 Nxd2 15.Qb4+ Kg8
16.Qxd2 Nc6 17.Nxa8 e5 18.h3 Na5 19.Kb1 d6 20.hxg4 Bxg4 21.Rxh6 Bf5+ 22.Ka2 Rxh6
23.Qxh6 Qxa8 24.Qxd6 Nxc4 25.Qf6 Qe4 26.Qd8+ Kh7 27.Qh4+ Qxh4 28.Bxh4 Nd2
29.Bf6 Be6+ 30.Ka1 e4  0-1

[Event "63rd ch-GEO w"]
[Site "Tbilisi GEO"]
[Date "2006.01.09"]
[Round "1"]
[White "Matnadze,A"]
[Black "Charkhalashvili,I"]
[Result "1/2-1/2"]
[WhiteElo "2408"]
[BlackElo "2312"]

1.d4 Nf6 2.Nf3 e6 3.c4 b6 4.Nc3 Bb7 5.e3 d5 6.cxd5 Nxd5 7.Qa4+ c6 8.e4 Nxc3
9.bxc3 Be7 10.Bd3 Nd7 11.Qc2 c5 12.O-O Qc7 13.Qe2 O-O 14.Bb2 Rac8 15.Rad1 Rfd8
16.Nd2 Nf8 17.f4 Ng6 18.g3 Nf8 19.Nf3 cxd4 20.cxd4 f6 21.Nd2 Bb4 22.a3 Bc3
23.Rc1 Qd6 24.Nf3 Bxb2 25.Qxb2 Rxc1 26.Rxc1 f5 27.Re1 fxe4 28.Bxe4 Bxe4 29.Rxe4 Qc6
30.Re3 Rc8 31.Qb3 Qc1+ 32.Kf2 Rc2+ 33.Re2 Rc3 34.Qb2 Qxb2 35.Rxb2 Rxa3 36.Rc2 b5
37.Ne5 g6 38.Rc8 Kg7 39.Rc7+ Kg8 40.g4 b4 41.g5 a5 42.Ng4 Rc3 43.Ra7 b3 44.Nf6+ Kh8
45.Rxa5 Rc4 46.Rb5 Rxd4 47.Ke3 Ra4 48.Rxb3 Ra7 49.Rb8 Kg7 50.Ne8+ Kf7 51.Nd6+ Kg7
52.Ne8+ Kf7 53.Nf6 Nd7 54.Nxd7 Rxd7 55.h4 Ra7 56.Kf3 Kg7 57.Kg4 h5+ 58.gxh6+ Kxh6
59.Re8 Ra6 60.Re7 Rb6  1/2-1/2

[Event "Petrovskaya Ladya IM"]
[Site "Peterhof RUS"]
[Date "2006.01.10"]
[Round "9"]
[White "Kaliberda,V"]
[Black "Zigangirova,S"]
[Result "1/2-1/2"]
[WhiteElo "2399"]
[BlackElo "2327"]

1.Nf3 Nf6 2.d4 e6 3.c4 b6 4.Nc3 Bb4 5.Qc2 Bb7 6.a3 Bxc3+ 7.Qxc3 Ne4 8.Qc2 O-O
9.g3 d6 10.Bg2 Nf6 11.O-O Nbd7 12.b3 Qe7 13.Bb2 c5 14.Rad1 Rfd8 15.d5 exd5
16.Nh4 Re8 17.Rfe1 Qe6 18.Nf5 Ne5 19.cxd5 Bxd5 20.Bxd5 Nxd5 21.f4 Ng4 22.e4 Ndf6
23.Rxd6 Qxf5 24.Bxf6 gxf6 25.h3 Qh5 26.hxg4 Qxg4 27.Qd3 Re6 28.Kf2 Rae8 29.Rd7 f5
30.e5 Rh6 31.Rg1 Rh2+ 32.Rg2 Rxg2+ 33.Kxg2 Re6 34.Rxa7 Rh6 35.Qd8+  1/2-1/2

[Event "Open"]
[Site "Zagreb CRO"]
[Date "2006.01.15"]
[Round "2"]
[White "Jankovic,A"]
[Black "Rukavina,Dar"]
[Result "1-0"]
[WhiteElo "2446"]
[BlackElo "2225"]

1.d4 Nf6 2.c4 e6 3.Nf3 b6 4.Nc3 Bb4 5.Bg5 h6 6.Bh4 Bb7 7.Nd2 c5 8.d5 O-O
9.e4 e5 10.Rc1 d6 11.Bd3 Nbd7 12.a3 Bxc3 13.Rxc3 Re8 14.f3 Nf8 15.Bf2 Bc8
16.Nf1 a6 17.Ne3 Rb8 18.b4 cxb4 19.axb4 a5 20.bxa5 N6d7 21.axb6 Nc5 22.O-O Rxb6
23.Bc2 Bd7 24.Ra3 Qc7 25.Qd2 Reb8 26.Qc3 Ra6 27.Rfa1 Rba8 28.Rxa6 Rxa6 29.Rxa6 Nxa6
30.Qa3 Nc5 31.Nd1 g5 32.Ne3 Ng6 33.Nf5 Bxf5 34.exf5 Nf8 35.h4 Nfd7 36.Qa8+ Kg7
37.hxg5 hxg5 38.Be3 f6 39.Qe8 Nf8 40.Kh2 Ncd7 41.Qe7+ Kg8 42.Bd3 Qa5 43.Bxg5 fxg5
44.f6 Nxf6 45.Qxf6 Qd2 46.Bf5 Qf4+ 47.g3 Qd2+ 48.Kh3 Qc1 49.Qxd6 Qxc4 50.Qxe5 g4+
51.fxg4 Qf1+ 52.Kh4 Qh1+ 53.Kg5 Qc1+ 54.Qf4 Qc5 55.Kf6 Qc3+ 56.Qe5 Qf3 57.Kg5 Qa3
58.Be6+ Nxe6+ 59.dxe6 Qe7+ 60.Qf6 Qc5+ 61.Kg6 Qc2+ 62.Qf5  1-0

[Event "Classic"]
[Site "Queenstown NZL"]
[Date "2006.01.16"]
[Round "2"]
[White "Tabatt,H"]
[Black "Yachou,N"]
[Result "0-1"]
[WhiteElo "2223"]
[BlackElo "2016"]

1.d4 Nf6 2.Nf3 e6 3.c4 b6 4.Nc3 Bb7 5.Bg5 h6 6.Bh4 g5 7.Bg3 Bb4 8.Qb3 Bxc3+
9.Qxc3 Ne4 10.Qc2 d6 11.e3 Nd7 12.Bd3 f5 13.O-O-O Qf6 14.Rhf1 h5 15.h4 g4
16.Ng1 O-O-O 17.Qa4 e5 18.Bxe4 Bxe4 19.f3 Bb7 20.d5 Nc5 21.Qc2 Rdf8 22.Be1 Rhg8
23.f4 Kb8 24.g3 e4 25.Bc3 Qf7 26.Ne2 Nd3+ 27.Kb1 c5 28.Bd2 Rc8 29.Nc3 Ba6
30.Qa4 Kb7 31.a3 Rgd8 32.Qb3 Qd7 33.Kc2 Rb8 34.Ra1 Ka8 35.a4 Rdc8 36.Nb5 Bb7
37.a5 Bxd5 38.Nxa7 Bxc4 39.Qxc4 b5 40.Nxb5 Qxb5 41.Qxb5 Rxb5 42.Bc3 d5 43.Ra4 Ka7
44.Rd1 Ka6 45.Rd2 d4 46.exd4 cxd4 47.Rxd4 Rxb2+ 48.Kd1 Rb1+  0-1

[Event "Open"]
[Site "Zagreb CRO"]
[Date "2006.01.18"]
[Round "5"]
[White "Saric,Ib"]
[Black "Kutuzovic,B"]
[Result "1/2-1/2"]
[WhiteElo "2441"]
[BlackElo "2327"]

1.Nf3 Nf6 2.c4 b6 3.d4 e6 4.Nc3 Bb7 5.Bg5 h6 6.Bh4 g5 7.Bg3 Nh5 8.e3 Nxg3
9.hxg3 Bg7 10.Bd3 Qe7 11.Rc1 c6 12.g4 d6 13.Ne4 Nd7 14.Ng3 Nf6 15.Nd2 c5
16.f3 O-O-O 17.b4 Kb8 18.Rb1 Qc7 19.Rh3 Rhe8  1/2-1/2

[Event "TCh-BEL 2005-6"]
[Site "Belgium BEL"]
[Date "2006.01.21"]
[Round "7"]
[White "Wemmers,X"]
[Black "Cekro,E"]
[Result "1-0"]
[WhiteElo "2411"]
[BlackElo "2416"]

1.d4 Nf6 2.c4 e6 3.Nf3 b6 4.Nc3 Bb7 5.Bg5 h6 6.Bh4 d6 7.Qc2 Nbd7 8.O-O-O a6
9.e4 g5 10.Bg3 Nh5 11.Be2 Bg7 12.d5 Nxg3 13.hxg3 Qe7 14.Nd4 Bxd4 15.Rxd4 Qf6
16.Rd2 Ke7 17.Rf1 h5 18.f4 e5 19.fxe5 Qxe5 20.Rf5 Qg7 21.e5 Nxe5 22.Ne4 f6
23.Rd1 Raf8 24.Qd2 Bc8 25.Rf2 h4 26.c5 bxc5 27.Qa5 Kd7 28.Bxa6 Qe7 29.Bb5+ Kd8
30.Nxc5 hxg3 31.Rc2 f5 32.Ne6+ Bxe6 33.dxe6  1-0

[Event "14th FAJR Open"]
[Site "Tehran IRI"]
[Date "2006.01.25"]
[Round "3"]
[White "Shalamberidze,A"]
[Black "Mashatan,R"]
[Result "1-0"]
[WhiteElo "2422"]
[BlackElo "2180"]

1.d4 Nf6 2.c4 e6 3.Nf3 b6 4.Nc3 Bb7 5.Bg5 Be7 6.e3 d6 7.Bd3 Nbd7 8.h3 a6
9.O-O O-O 10.Qe2 c5 11.Rfd1 Re8 12.Bc2 Qc7 13.dxc5 Qxc5 14.Bf4 Rac8 15.Nd2 g6
16.Nde4 Nxe4 17.Bxe4 Bxe4 18.Nxe4 Qxc4 19.Qxc4 Rxc4 20.Nxd6 Bxd6 21.Rxd6 e5
22.Bg3 Nc5 23.Rad1 b5 24.Rd8 Kf8 25.Rxe8+ Kxe8 26.Bxe5 Nd7 27.Bd4 Ke7 28.g4 Ke6
29.Kg2 Rc2 30.Rd3 Ne5 31.Rc3 Rd2 32.Ra3 Nd3 33.Rxa6+ Ke7 34.Ra7+ Ke6 35.Ra6+ Ke7
36.Kf3 Rxf2+ 37.Ke4 Nxb2 38.Kd5 Nd3 39.Ra7+ Kd8 40.Kc6 Rxa2 41.Rxa2 Nb4+
42.Kxb5 Nxa2 43.Bb2 Kd7 44.Kc4 Ke6 45.Kb3 Kd5 46.Kxa2 Ke4 47.Bc1 g5 48.Kb3 Kf3
49.Kc4 Kg3 50.e4 Kxh3 51.Bxg5 Kxg4 52.Bh6 Kh5 53.Bf4 Kg4 54.Bh2 h5 55.Kd4 f6
56.Ke3 Kh3 57.Bd6 Kg4 58.Be7 f5 59.e5 f4+ 60.Ke4 f3 61.Ke3 Kg3 62.e6 f2 63.Bh4+ Kxh4
64.Kxf2 Kh3 65.e7  1-0

[Event "11th HIT Open A"]
[Site "Nova Gorica SLO"]
[Date "2006.01.27"]
[Round "2"]
[White "Markus,R"]
[Black "Janev,E"]
[Result "1/2-1/2"]
[WhiteElo "2595"]
[BlackElo "2494"]

1.d4 Nf6 2.c4 e6 3.Nf3 b6 4.Nc3 Bb7 5.a3 d5 6.cxd5 Nxd5 7.e3 Nd7 8.Bd3 c5
9.e4 Nxc3 10.bxc3 Be7 11.O-O O-O 12.Qe2 Qc7 13.e5 Rfd8 14.h4 Nf8 15.h5 h6
16.Be3 Rac8 17.Nd2 cxd4 18.cxd4 Qd7 19.Ne4 Nh7 20.a4 Qd5 21.Qg4 Kh8 22.Rfb1 f5
23.exf6 gxf6 24.Rb5 Qd7 25.Qg6 Bxe4 26.Bxe4 Bf8 27.d5 Qg7 28.Qxh7+ Qxh7 29.Bxh7 Kxh7
30.dxe6 Rc6 31.a5 Rxe6 32.axb6 axb6 33.Rxb6 Rxb6 34.Bxb6 Rd5 35.Ra5 Rxa5
36.Bxa5 f5 37.Kh2  1/2-1/2

[Event "Gibtelecom Masters"]
[Site "Gibraltar ENG"]
[Date "2006.01.28"]
[Round "5"]
[White "Peek,Mar"]
[Black "Pelletier,Y"]
[Result "1-0"]
[WhiteElo "2375"]
[BlackElo "2579"]

1.d4 Nf6 2.c4 e6 3.Nf3 b6 4.Nc3 Bb4 5.Bg5 Bb7 6.e3 h6 7.Bh4 g5 8.Bg3 Ne4
9.Qc2 Bxc3+ 10.bxc3 Nxg3 11.fxg3 g4 12.Nh4 Qg5 13.Qd2 f5 14.Bd3 Nc6 15.O-O O-O-O
16.Qe2 Na5 17.c5 Kb8 18.Rab1 d6 19.cxd6 cxd6 20.c4 Rc8 21.d5 exd5 22.cxd5 Rhe8
23.Nxf5 Bxd5 24.Nxd6 Rxe3 25.Qd2 Rxg3 26.Rf2 Qxd2 27.Rxd2 Rxd3 28.Rxd3 Rc5
29.Re1 Bc6 30.Rd2 Nb7 31.Nf7 h5 32.Ne5 Kc7 33.Nxc6 Kxc6 34.Re6+ Kb5 35.Re7 Rc1+
36.Kf2 Nc5 37.Kg3 Rc4 38.Rb2+ Ka6 39.Kh4 Nd3 40.Rd2 Nf4 41.Rf7  1-0

[Event "TCh-BEL 2005-6"]
[Site "Belgium BEL"]
[Date "2006.02.05"]
[Round "8"]
[White "Wemmers,X"]
[Black "Motwani,P"]
[Result "0-1"]
[WhiteElo "2411"]
[BlackElo "2505"]

1.d4 Nf6 2.c4 e6 3.Nf3 b6 4.Nc3 Bb7 5.Bg5 Be7 6.e3 c5 7.Bd3 cxd4 8.exd4 Bxf3
9.Qxf3 Nc6 10.Be3 Rc8 11.O-O O-O 12.Rad1 Re8 13.Qh3 g6 14.Be2 d5 15.cxd5 Nxd5
16.Nxd5 Qxd5 17.Bf3 Qxa2 18.d5 exd5 19.Bxd5 Qxb2 20.Rd3 Bf8 21.Bc1 Qg7 22.Rf3 Rc7
23.Rc3 Bc5 24.Bb2 Nd4 25.Kh1 Re2 26.Ba1 Qe5 27.Bc4 Re1 28.Re3 Rxf1+ 29.Bxf1 Qf6
30.Re8+ Kg7 31.Re4 Qxf2 32.Qd3 Rd7 33.h3 f6  0-1

[Event "It"]
[Site "Soller ESP"]
[Date "2006.02.22"]
[Round "4"]
[White "Campos Moreno,J"]
[Black "Berg,E"]
[Result "0-1"]
[WhiteElo "2473"]
[BlackElo "2540"]

1.d4 e6 2.c4 Nf6 3.Nf3 b6 4.Nc3 Bb4 5.Bg5 Bb7 6.Nd2 h6 7.Bh4 Be7 8.e4 Nxe4
9.Bxe7 Nxc3 10.Bxd8 Nxd1 11.Bxc7 Nxb2 12.a4 d5 13.cxd5 exd5 14.Ra2 Nc4 15.Nxc4 dxc4
16.Bxc4 Kd7 17.Bf4 Nc6 18.Re2 Nb4 19.Kd2 Rac8 20.Bb5+ Bc6 21.Rhe1 Nd5 22.Bg3 Bxb5
23.axb5 Rc4 24.Ra1 Ra8 25.Kd3 Rc3+ 26.Kd2 Rb3 27.Re5 Rxb5 28.Kd3 a5 29.Kc4 Kc6
30.Rc1 a4 31.Kd3+ Kd7 32.Kc4 Raa5  0-1

[Event "It"]
[Site "Soller ESP"]
[Date "2006.02.23"]
[Round "6"]
[White "Campos Moreno,J"]
[Black "Carlsson,P"]
[Result "1/2-1/2"]
[WhiteElo "2473"]
[BlackElo "2430"]

1.d4 Nf6 2.c4 e6 3.Nf3 b6 4.Nc3 Bb4 5.Bg5 h6 6.Bh4 g5 7.Bg3 Ne4 8.Qc2 Bb7
9.e3 d6 10.Bd3 Bxc3+ 11.bxc3 f5 12.d5 Nd7 13.Bxe4 fxe4 14.Qxe4 Qf6 15.Nd4 Nc5
16.Qc2 exd5 17.cxd5 Bxd5 18.f3 Bc4 19.O-O-O O-O-O 20.e4 Kb7 21.Rd2 Rhe8 22.Rhd1 Bg8
23.Nb3 Nxb3+ 24.axb3 Bh7 25.Qd3 d5 26.Qd4 Qg6 27.Qa4 Qc6 28.Qb4 Qg6 29.Qa4 Qc6  1/2-1/2

[Event "It"]
[Site "Soller ESP"]
[Date "2006.02.25"]
[Round "8"]
[White "Campos Moreno,J"]
[Black "Mascaro March,P"]
[Result "1-0"]
[WhiteElo "2473"]
[BlackElo "2359"]

1.d4 Nf6 2.c4 e6 3.Nf3 b6 4.Nc3 Bb7 5.a3 d5 6.Bg5 Be7 7.Rc1 O-O 8.e3 Nbd7
9.cxd5 Nxd5 10.Bxe7 Nxe7 11.Be2 c5 12.O-O Nf5 13.dxc5 Nxc5 14.b4 Ne4 15.Nxe4 Bxe4
16.Qa4 Qe7 17.b5 Nd6 18.Rfd1 Bb7 19.Qb4 Rfd8 20.Ne5 Kf8 21.Nc6 Bxc6 22.bxc6 Ne8
23.Ba6 Qxb4 24.axb4 Ke7 25.Rxd8 Kxd8 26.Bb7 Rb8 27.Rd1+ Ke7 28.Rd7+  1-0

[Event "1st ONGC Cup"]
[Site "Hyderabad IND"]
[Date "2006.03.01"]
[Round "6"]
[White "Ramakrishna,J"]
[Black "Prasad,D"]
[Result "0-1"]
[WhiteElo "2264"]
[BlackElo "2411"]

1.d4 Nf6 2.c4 e6 3.Nf3 b6 4.Nc3 Bb4 5.e3 c5 6.Bd3 Nc6 7.O-O Bxc3 8.bxc3 d6
9.e4 e5 10.dxe5 dxe5 11.Ne1 O-O 12.Nc2 Ne8 13.Ne3 Nd6 14.Qe2 Ba6 15.Nd5 f5
16.Rd1 fxe4 17.Bxe4 Qh4 18.Ne7+ Qxe7 19.Bxc6 Bxc4 20.Bd5+ Bxd5 21.Rxd5 Rae8
22.Be3 Qe6 23.Rad1 Nf5 24.Rd7 Rf7 25.Rxf7 Qxf7 26.h3 h6 27.Kh2 Kh7 28.Kg1 Re6
29.Qc4 e4 30.Rd8 Re7 31.Qe2 Rd7 32.Rxd7 Qxd7 33.Qc4 Qd3 34.Qf7 Nxe3 35.fxe3 Qxe3+
36.Kh2 Qg5 37.Qxa7 Qe5+ 38.Kg1 b5 39.Qd7 c4 40.Kf2 h5 41.Ke3 Qxc3+ 42.Kxe4 Qc2+
43.Kf3 Qc3+ 44.Ke4 Qe1+ 45.Kf3 Qe5 46.Qd2 h4 47.Kf2 c3 48.Qd3+ g6 49.Kg1 Qe1+  0-1

[Event "1st ONGC Cup"]
[Site "Hyderabad IND"]
[Date "2006.03.04"]
[Round "9"]
[White "Roktim,B"]
[Black "Ramakrishna,J"]
[Result "1/2-1/2"]
[WhiteElo "2383"]
[BlackElo "2264"]

1.d4 Nf6 2.Nf3 e6 3.c4 b6 4.Nc3 Bb4 5.Bg5 h6 6.Bh4 Bb7 7.Nd2 c5 8.d5 d6 9.e4 Bxc3
10.bxc3 e5 11.Bd3 Nbd7 12.f3 Nf8 13.Bf2 Ng6 14.g3 Bc8 15.Nf1 Ne7 16.Ne3 Nfg8
17.f4 g5 18.fxe5 dxe5 19.Bc2 Qd6 20.Ba4+ Kf8 21.O-O Nf6 22.Bc2 Bh3 23.Re1 Bd7
24.Qe2 Kg7 25.Kh1 Rae8 26.Rf1  1/2-1/2

[Event "LXIII ch-POL"]
[Site "Krakow POL"]
[Date "2006.03.09"]
[Round "13"]
[White "Grabarczyk,M"]
[Black "Bartel,Mat"]
[Result "1/2-1/2"]
[WhiteElo "2479"]
[BlackElo "2524"]

1.d4 Nf6 2.c4 e6 3.Nf3 b6 4.Nc3 Bb7 5.g3 Bb4 6.Bd2 Bxf3 7.exf3 O-O 8.a3 Bxc3
9.bxc3 Nc6 10.Be2 Na5 11.O-O Rc8 12.Bf4 d6 13.Qa4 Qe8 14.Qxe8 Rfxe8 15.Rab1 e5
16.Be3 c5 17.d5 e4  1/2-1/2

[Event "TCh-HUN 2005-6"]
[Site "Hungary HUN"]
[Date "2006.03.19"]
[Round "9"]
[White "Krutti,V"]
[Black "Rigo,Ja"]
[Result "1/2-1/2"]
[WhiteElo "2381"]
[BlackElo "2299"]

1.d4 Nf6 2.c4 e6 3.Nf3 b6 4.Nc3 Bb7 5.Bg5 h6 6.Bh4 Bb4 7.e3 g5 8.Bg3 Ne4
9.Qc2 Bxc3+ 10.bxc3 d6 11.Bd3 f5 12.d5 exd5 13.cxd5 Bxd5 14.Nd4 Qf6 15.f3 Nxg3
16.hxg3 Nd7 17.Bxf5 Nc5 18.Kf2 Kf8 19.g4 Re8 20.Rad1 Bf7  1/2-1/2

[Event "Sozina Open"]
[Site "Bar SCG"]
[Date "2006.03.21"]
[Round "4"]
[White "Tratar,M"]
[Black "Lapcevic,M"]
[Result "1/2-1/2"]
[WhiteElo "2466"]
[BlackElo "2282"]

1.d4 Nf6 2.Nf3 e6 3.c4 b6 4.Nc3 Bb7 5.a3 d5 6.Bg5 Nbd7 7.cxd5 exd5 8.Qa4 Be7
9.Ne5 O-O 10.Nc6 Qe8 11.Nxe7+ Qxe7 12.e3 h6 13.Bh4 c5 14.Bb5 Qe6 15.O-O c4  1/2-1/2

[Event "TCh-CZE Extraliga 2005-6"]
[Site "Czech Rep CZE"]
[Date "2006.03.26"]
[Round "11"]
[White "Frolik,M"]
[Black "Bazant,P jr"]
[Result "1-0"]
[WhiteElo "2319"]
[BlackElo "2307"]

1.d4 Nf6 2.Nf3 e6 3.c4 b6 4.Nc3 Bb7 5.e3 d5 6.Bd3 Be7 7.O-O O-O 8.Qe2 Nbd7
9.Rd1 Re8 10.a3 a6 11.b4 dxc4 12.Bxc4 c5 13.dxc5 bxc5 14.b5 Qc8 15.e4 Bd8
16.bxa6 Bxa6 17.Bxa6 Rxa6 18.e5 Ba5 19.Nb5 Nd5 20.Bd2 Qc6 21.Nd6 Rea8 22.Bxa5 Rxa5
23.Ng5 h6 24.Ngxf7 Ra4 25.g3 Nf8 26.Qh5 R8a7 27.Rdc1 Rd4 28.Rab1 Rd2 29.Rb8 Ne3
30.Nxh6+ gxh6 31.Rxf8+ Kg7 32.Rf7+ Rxf7 33.Qxf7+ Kh8 34.Qf6+ Kh7 35.Qe7+ Kg8
36.Qxe6+ Kh7 37.Qf7+ Kh8 38.Qf6+ Kh7 39.Qe7+ Kg8 40.Qe8+ Qxe8 41.Nxe8 Nc2
42.Nf6+ Kf7 43.Ne4 Re2 44.Nc3  1-0

[Event "ch-ARG s/f"]
[Site "Buenos Aires ARG"]
[Date "2006.03.27"]
[Round "8"]
[White "Nedilsky,D"]
[Black "Pierrot,F"]
[Result "1-0"]
[WhiteElo "2343"]
[BlackElo "2452"]

1.d4 Nf6 2.c4 e6 3.Nf3 b6 4.Nc3 Bb7 5.a3 d5 6.cxd5 Nxd5 7.Qc2 Be7 8.e4 Nxc3
9.bxc3 O-O 10.Bd3 c5 11.O-O Nd7 12.a4 Qc7 13.Qe2 Rac8 14.Bd2 e5 15.Nxe5 Nxe5
16.dxe5 c4 17.Bc2 Qxe5 18.f4 Qc7 19.Rae1 Rce8 20.Kh1 Bh4 21.Rd1 f5 22.Qh5 Qe7
23.e5 g6 24.Qe2 Qe6 25.Be3 Rd8 26.Rxd8 Rxd8 27.Rb1 Bd5 28.Kg1 Qc6 29.Bd4 Be7
30.Qf2 Be6 31.h3 Rc8 32.Kh2 Rd8 33.Qe2 Rb8 34.g4 Re8 35.g5 Rd8 36.h4 h6 37.Kg3 hxg5
38.hxg5 Kg7 39.a5 bxa5 40.Qg2 Qxg2+ 41.Kxg2 Rd7 42.Ba4 Rc7 43.Rb5 a6 44.Rxa5 Bc8
45.Kg3 Kf7 46.Bd1 Bb7 47.Be2 Bc8 48.Ra4 Be6 49.Rxa6 Rb7 50.Rc6  1-0

[Event "43rd ch-IND"]
[Site "Visakhapatnam IND"]
[Date "2006.04.08"]
[Round "8"]
[White "Ravi,L"]
[Black "Das,Ar"]
[Result "0-1"]
[WhiteElo "2423"]
[BlackElo "2402"]

1.Nf3 Nf6 2.d4 e6 3.c4 b6 4.Nc3 Bb7 5.a3 d5 6.Bf4 Be7 7.Qa4+ c6 8.cxd5 exd5
9.e3 O-O 10.Ne5 Nfd7 11.Nxd7 Nxd7 12.Be2 f5 13.O-O g5 14.Be5 Nxe5 15.dxe5 Qc7
16.f4 Bc5 17.Nd1 b5 18.Qc2 Bb6 19.Kh1 g4 20.Bd3 Qd7 21.b4 Rae8 22.Ra2 Qf7
23.Re1 Re6 24.Qb3 Rh6 25.g3 c5 26.Qb1 d4+ 27.Kg1 c4 28.Bf1 Be4 29.Qa1 c3
30.Bg2 c2 31.Bxe4 cxd1=Q 32.Rxd1 fxe4 33.exd4 Rc6 34.Kf1 Qb3 35.Rf2 Rc2 36.Rxc2 Qxc2
37.Qc1 Qxh2 38.Qe3 Qh1+ 39.Ke2 Qf3+ 40.Qxf3 gxf3+ 41.Ke3 Rd8 42.Kxe4 Rxd4+
43.Rxd4 Bxd4 44.Kxf3 Bb2 45.Ke4 Bxa3 46.Kd5 Bxb4 47.Kc6 a6 48.g4 Be7 49.f5 b4
50.Kd5 b3 51.f6 Bxf6  0-1

[Event "Jack Speigel Mem"]
[Site "Southend ENG"]
[Date "2006.04.14"]
[Round "1"]
[White "Ward,C"]
[Black "Hunt,H"]
[Result "1/2-1/2"]
[WhiteElo "2467"]
[BlackElo "2422"]

1.d4 Nf6 2.c4 e6 3.Nf3 b6 4.Nc3 Bb4 5.Bg5 Bb7 6.Nd2 h6 7.Bh4 Be7 8.e4 Nxe4
9.Bxe7 Nxc3 10.Bxd8 Nxd1 11.Bxc7 Nxb2 12.a4 d5 13.cxd5 exd5 14.Ra2 Nc4 15.Nxc4 dxc4
16.Bxc4 O-O 17.d5 Na6 18.Bxa6 Bxa6 19.f3 Rfe8+ 20.Kf2 Bc8 21.a5 b5 22.a6 Bd7
23.Rd1 f6 24.Rc2 Rac8 25.Rc5 Kf7 26.Rd4 h5 27.h4 g6 28.Re4 Bf5 29.Rxe8 Kxe8
30.d6 Bd7 31.Ke3 Kf7 32.Kd4 Re8 33.Rc2 Re1 34.Bb8 Ra1 35.Re2 Bc8 36.Rc2 Bd7
37.Rc7 Ke6 38.Rxa7 b4 39.Rb7 Rxa6 40.Rxb4 Ra4 41.Rxa4 Bxa4 42.Kc5 Kd7 43.Bc7 g5
44.Ba5 gxh4 45.Be1 h3 46.gxh3 Bc6 47.f4 Bg2 48.h4 f5 49.Bc3  1/2-1/2

[Event "10th Neckar Open A"]
[Site "Deizisau GER"]
[Date "2006.04.15"]
[Round "4"]
[White "Gelashvili,T"]
[Black "Jurek,J"]
[Result "1-0"]
[WhiteElo "2576"]
[BlackElo "2381"]

1.d4 Nf6 2.c4 e6 3.Nf3 b6 4.Nc3 Bb4 5.Bg5 Bb7 6.Nd2 h6 7.Bh4 O-O 8.e4 g5
9.Bg3 Bxc3 10.bxc3 Nxe4 11.Nxe4 Bxe4 12.h4 d6 13.hxg5 hxg5 14.Qh5 Qf6 15.O-O-O Bg6
16.Qh2 Nd7 17.Bd3 Qg7 18.f4 g4 19.f5 exf5 20.Rdf1 f4 21.Bxg6 fxg6 22.Bxf4 Rf5
23.Bh6 Qf6 24.Rxf5 Qxf5 25.Bd2 Nf8 26.Qh8+ Kf7 27.Bh6 Qf6 28.Qxf6+ Kxf6 29.Rf1+ Ke7
30.Bg5+ Ke8 31.Re1+ Kf7 32.Re7+ Kg8 33.Kd2 Nh7 34.Bh6 Rc8 35.Kd3 a6 36.Rg7+ Kh8
37.Rxg6 Rg8 38.Re6 Ng5 39.Re7 Rg6 40.Bxg5 Rxg5 41.Rxc7 Ra5 42.Rc6 Rxa2 43.Rxd6 Rxg2
44.Rxb6 Kg7 45.c5 Rf2 46.c6 Rf3+ 47.Kc4 Rf7 48.Rxa6 g3 49.Ra2  1-0

[Event "17th Pobeskydi Hamont Cup"]
[Site "Frydek Mistek CZE"]
[Date "2006.04.16"]
[Round "8"]
[White "Dambrauskas,V"]
[Black "Lahner,J"]
[Result "1-0"]
[WhiteElo "2360"]
[BlackElo "2291"]

1.d4 e6 2.c4 Nf6 3.Nf3 b6 4.Nc3 Bb4 5.Qc2 Bb7 6.Bd2 O-O 7.e3 c5 8.dxc5 bxc5
9.Be2 d6 10.O-O Nc6 11.Rfd1 Qe7 12.a3 Bxc3 13.Bxc3 a5 14.Bxf6 gxf6 15.Nd2 f5
16.Bf3 Ne5 17.Bxb7 Qxb7 18.f4 Nc6 19.Nf3 Rfd8 20.Rd2 a4 21.Rad1 Qc7 22.g4 Ne7
23.Rg2 Kf8 24.Qc3 fxg4 25.Rxg4 Ng8 26.Qg7+ Ke7 27.Ng5 Rf8 28.Ne4 Qb7 29.Qg5+ f6
30.Qg7+  1-0

[Event "10th Neckar Open A"]
[Site "Deizisau GER"]
[Date "2006.04.17"]
[Round "9"]
[White "Jaracz,P"]
[Black "Jedynak,R"]
[Result "1-0"]
[WhiteElo "2488"]
[BlackElo "2444"]

1.d4 Nf6 2.c4 e6 3.Nf3 b6 4.Nc3 Bb4 5.Bg5 Bb7 6.Qc2 h6 7.Bh4 g5 8.Bg3 Ne4
9.Be5 Rg8 10.d5 f5 11.Nd4 Qe7 12.f3 Nxc3 13.bxc3 Bd6 14.Bxd6 Qxd6 15.g4 Na6
16.gxf5 exd5 17.cxd5 Qxd5 18.Qb3 Nc5 19.Qxd5 Bxd5 20.e4 Bb7 21.Nb3 Nxb3 22.axb3 Ke7
23.Bc4 d5 24.exd5 Kf6 25.Kf2 a6 26.d6 Rg7 27.Rhe1 b5 28.Bd3 Bd5 29.c4 bxc4
30.bxc4 Bg8 31.Be4 Ra7 32.c5 cxd6 33.cxd6 Rgd7 34.Rad1 a5 35.Bc6 a4 36.Bxd7 Rxd7
37.Re7 Rxe7 38.dxe7 Kxe7 39.Ke3 Bb3 40.Rc1 a3 41.Rc6 a2 42.Ra6 Bc2 43.f6+ Kf7
44.Rxa2 Bb3 45.Ra6 Bc4 46.Rb6 Be6 47.Ke4 Kxf6 48.Ra6 h5 49.Rb6 h4 50.Ra6 Kf7
51.Ke5 Bh3 52.Ra1 Bg2 53.Kf5 Bxf3 54.Kxg5 Kg7 55.Ra7+ Kg8 56.Kxh4 Be4 57.Kg5 Bd3
58.h4 Kh8 59.Kh6 Bc4 60.Rh7+ Kg8 61.Rc7 Bd3 62.Rc8+ Kf7 63.Rc3 Be4 64.Rg3 Kf8
65.Kg5 Kf7 66.Kf4 Bg6 67.Ke5 Bh5 68.Rg5 Be2 69.h5 Bd3 70.h6 Bg6 71.Rg3 Bb1
72.Re3  1-0

[Event "XXIV Open"]
[Site "Metz FRA"]
[Date "2006.04.22"]
[Round "1"]
[White "Baudry,A"]
[Black "Del Rio Angelis,S"]
[Result "1/2-1/2"]
[WhiteElo "1797"]
[BlackElo "2516"]

1.d4 Nf6 2.Nf3 e6 3.c4 b6 4.Nc3 Bb7 5.e3 c5 6.d5 exd5 7.cxd5 g6 8.e4 Bg7
9.Bd3 O-O 10.O-O d6 11.Nd2 Re8 12.Re1 Qe7 13.Qe2 Qf8 14.Qd1 Qe7 15.Qe2 Nbd7
16.f4 h5 17.Nf3 Qf8 18.Qc2 a6 19.a4 Rac8 20.Bc4 Ng4 21.h3 Bd4+ 22.Kf1 Ngf6
23.Qd3 Qe7 24.Nxd4 cxd4 25.Qxd4 Nc5 26.e5 Ncd7 27.e6 Nf8 28.Bd2 fxe6 29.dxe6 d5
30.Bd3 Nxe6 31.Qxb6 d4 32.Ne4 Nd5 33.Qb3 Rf8 34.Ng5 Ndxf4 35.Bxf4 Rxf4+ 36.Kg1 Qxg5
37.Qxe6+ Rf7 38.Qxg6+ Qxg6 39.Bxg6 Rg7 40.Be4 Bxe4 41.Rxe4 Rc2 42.Rxd4 Rgxg2+
43.Kh1 Rh2+ 44.Kg1 Rcg2+ 45.Kf1 Rxb2 46.Kg1 Rxh3 47.Rd6 Rg3+ 48.Kh1 Rb4 49.Kh2 Rg5
50.Kh3 a5 51.Ra6 h4 52.Ra7 Rg3+ 53.Kh2 Rb2+ 54.Kh1 Rh3+ 55.Kg1 Rbb3 56.Ra2 Rbg3+
57.Rg2 Rxg2+ 58.Kxg2 Rg3+ 59.Kh2 Rg5 60.Kh3 Rh5 61.Rb7 Kf8 62.Kg4 Rc5 63.Kxh4 Rc4+
64.Kg3 Rxa4 65.Ra7 Ra1 66.Kf3 a4 67.Ke3 a3 68.Kd2 Rb1 69.Rxa3  1/2-1/2

[Event "TCh-HUN 2005-6"]
[Site "Hungary HUN"]
[Date "2006.04.23"]
[Round "11"]
[White "Prohaszka,P2"]
[Black "Gyorkos,L"]
[Result "1-0"]
[WhiteElo "2369"]
[BlackElo "2405"]

1.d4 Nf6 2.c4 e6 3.Nf3 b6 4.Nc3 Bb7 5.e3 d5 6.Bd3 Nbd7 7.O-O Bd6 8.cxd5 exd5
9.Qc2 O-O 10.Nb5 Be7 11.Qxc7 Qxc7 12.Nxc7 Rac8 13.Nb5 a6 14.Nc3 b5 15.a3 Nb6
16.Ne2 Ne4 17.b3 g5 18.h3 f5 19.Bd2 Nd7 20.Ba5 g4 21.hxg4 fxg4 22.Ne1 Bg5
23.g3 Nxf2 24.Nf4 Nxd3 25.Nexd3 Rfe8 26.Rae1 Rc2 27.Rf2 Rxf2 28.Kxf2 Rc8
29.Ne6 Be7 30.Bb4  1-0

[Event "Classics GMB"]
[Site "Gausdal NOR"]
[Date "2006.04.27"]
[Round "5"]
[White "Ivanov,MM"]
[Black "Thurlow,K"]
[Result "1/2-1/2"]
[WhiteElo "2443"]
[BlackElo "2098"]

1.d4 Nf6 2.Nf3 e6 3.c4 b6 4.Nc3 Bb7 5.Bg5 Be7 6.e3 Ne4 7.Nxe4 Bxe4 8.Bxe7 Qxe7
9.Nd2 Bb7 10.Be2 O-O 11.O-O f5 12.Bf3 Bxf3 13.Nxf3 d6 14.Qa4 Nd7 15.Qc6 Nf6
16.d5 Qd7 17.Qxd7 Nxd7 18.dxe6 Nc5 19.Nd4 Rf6 20.e7 Kf7 21.b4 Ne6 22.Nc6 f4
23.e4 f3 24.g3 h5 25.Rfe1 h4 26.e5 dxe5 27.Rxe5 hxg3 28.fxg3 Rh8 29.h4 f2+
30.Kg2 Nf4+ 31.gxf4 Rxc6 32.Rf1 Rxc4 33.Rxf2 Rxb4 34.Rfe2 Re8 35.Rf5+ Kg8
36.h5 Rd4 37.Kf3 Rd7 38.Rfe5 c5 39.Kg4 Kf7 40.Rf5+ Kg8 41.Rfe5 Kf7 42.Rf5+ Kg8
43.Rfe5  1/2-1/2

[Event "2nd Halkidiki Open"]
[Site "Kalithea GRE"]
[Date "2006.04.29"]
[Round "7"]
[White "Simeonidis,I"]
[Black "Papadopoulos,I"]
[Result "1-0"]
[WhiteElo "2307"]
[BlackElo "2264"]

1.d4 Nf6 2.Nf3 e6 3.c4 b6 4.Nc3 Bb7 5.a3 d5 6.cxd5 Nxd5 7.e3 Be7 8.Bb5+ c6
9.Bd3 Nxc3 10.bxc3 c5 11.O-O O-O 12.Qc2 h6 13.Qe2 Nc6 14.Bb2 Qc7 15.Rad1 Rac8
16.c4 Na5 17.Ne5 Bd6 18.f4 cxd4 19.exd4 Bxe5 20.fxe5 Nxc4 21.Bc1 Bd5 22.Qg4 Kh8
23.Qh5 f5 24.exf6 Rxf6 25.Rxf6 gxf6 26.Bxh6 f5 27.Bxc4 Bxc4 28.Bf4+ Qh7 29.Qg5 Qf7
30.Re1 Bd3 31.Be5+ Kh7 32.Qh4+ Kg6 33.Qg3+  1-0

[Event "Open A"]
[Site "Djakovo CRO"]
[Date "2006.05.05"]
[Round "8"]
[White "Mrkonjic,N"]
[Black "Bender,I"]
[Result "1/2-1/2"]
[WhiteElo "2383"]
[BlackElo "2312"]

1.d4 Nf6 2.Nf3 e6 3.c4 b6 4.Nc3 Bb4 5.Qb3 c5 6.a3 Bxc3+ 7.Qxc3 Bb7 8.b4 O-O
9.e3 d5 10.dxc5 Ne4 11.Qc2 bxc5 12.Bd3 cxb4 13.axb4 Nc6 14.Ba3 a5 15.cxd5 exd5
16.b5 Nb4 17.Bxb4 axb4 18.O-O Ra3 19.Bxe4 dxe4 20.Nd4 Qa5 21.Qb2 Ra8 22.Rab1 b3
23.Nxb3 Qxb5 24.Nd4 Qxb2 25.Rxb2 Bd5 26.h3 h6 27.Rc1 Ra1 28.Rc2 Rxc1+ 29.Rxc1 Ra7
30.Rc5 Rd7 31.g4 g5 32.Rb5 Kh7 33.Rb6 Rd8 34.Kg2 Re8 35.Rd6 Re5 36.Kg3 Bc4
37.Rc6 Ba2 38.Rb6 Bc4 39.Rb4 Ba2 40.Ne2 Be6 41.Nc3 f5 42.Ne2 h5 43.gxf5 Bxf5
44.h4 Bg4 45.Nc3 Bf3 46.Rd4 gxh4+ 47.Kxh4 Re7 48.Nd5 Rg7 49.Nf6+ Kh6 50.Rd6 Rg6
51.Rb6 Kg7 52.Ne8+ Kh6 53.Rf6 Rxf6 54.Nxf6 Kg6 55.Nd5 Kh6 56.Nf4 Bd1 57.Ne6 Kg6
58.Nf8+ Kf6 59.Nd7+ Ke6 60.Nb6 Kf5 61.Nc4 Bf3 62.Nb6 Bd1 63.Nd5 Kg6 64.Nf4+ Kh6
65.Nh3 Kg6 66.Kg3 Bg4 67.Nf4+ Kg5 68.Nd5 h4+ 69.Kg2 Bf3+ 70.Kh2 Bg4 71.Nb4 Bf5
72.Nc6 Bd7 73.Nd4 Kg4 74.Kg2 Ba4 75.Kh2 Bd1 76.Kg2 Bf3+ 77.Kh2 Bd1 78.Kg2  1/2-1/2